000 00449nam a22001817i 4500
001 3291
003 OSt
005 20170126082317.0
007 tu
008 161220s1996 xxu||||| |||| 00| 0 d
024 7 _a3290
_2RID
040 _cOSt
084 _a7.3
_2z
100 1 _aBouton, Barbara
245 0 0 _aOfficial Netscape Power User's Toolkit. The Definitive Guide to Advanced Tools, Techniques & Strategies
260 _c1996
300 _a654 S. ;
_c30cm.
942 _cB
999 _c3243
_d3243